00547nam a2200193Ia 450000500170000000800410001702000150005808200130007310000180008624500430010426000400014730000130018765000110020065000130021165000100022494200060023495200980024099900150033820250617023241.0240331s9999 xx 000 0 und d a9552044952 bKoda305 aKodikara, W.M 0aBaudha kanthawakage samaja karyabaraya aColombobS. Godage & Brothersc2000 a152 p ., aSocial aBuddhist aWomen cL 001040708LaWERCLbWERCLcSSCd2024-03-31l0o 305.48 Kodp4931r2024-03-31w2024-03-31yL c1949d1949